| 000 | 00000nam##2200000za#4500 |
| 001 | 9.640858 |
| 003 | CaOODSP |
| 005 | 20210624222856 |
| 007 | cr ||||||||||| |
| 008 | 150407|2007||||xxc|||||o f|0| 0 fre|d |
| 040 | |aCaOODSP|bfre |
| 043 | |an-cn--- |
| 086 | 1 |aE95-2/16-2007F-PDF |
| 110 | 1 |aCanada. |bCommission mixte internationale. |
| 245 | 10|aSynthèse des commentaires du public au sujet du Rapport d'étape 2006 de l'Accord Canada–États‑Unis sur la qualité de l'air |h[ressource électronique] |
| 260 | |aOttawa - Ontario : |bCommission mixte internationale |cJuillet 2007. |
| 300 | |a24p. |
| 590 | |a12-40-Supp|b2012-10-23 |
| 691 | 07|aQualité de l'air|2gcpds |
| 775 | 08|tSynthesis of public comment on the 2006 Progress Report under the Canada-United States Air Quality Agreement |w(CaOODSP)9.696750 |
| 856 | 40|ahttp://publications.gc.ca|qPDF|s343 Ko|uhttps://publications.gc.ca/collections/collection_2012/ijc/E95-2-16-2007-fra.pdf |